Colinvaux's law of insurance / (Record no. 541)

MARC details
000 -LEADER
fixed length control field 01138cam a2200349 a 4500
001 - CONTROL NUMBER
control field 1188044
003 - CONTROL NUMBER IDENTIFIER
control field OSt
005 - DATE AND TIME OF LATEST TRANSACTION
control field 20110426085544.0
008 - FIXED-LENGTH DATA ELEMENTS--GENERAL INFORMATION
fixed length control field 971022s1997 enk 001 0 eng
010 ## - LIBRARY OF CONGRESS CONTROL NUMBER
LC control number 97144615
020 ## - INTERNATIONAL STANDARD BOOK NUMBER
International Standard Book Number 0421550600
040 ## - CATALOGING SOURCE
Original cataloging agency DLC
Transcribing agency DLC
043 ## - GEOGRAPHIC AREA CODE
Geographic area code e-uk---
050 00 - LIBRARY OF CONGRESS CALL NUMBER
Classification number KD1859
Item number .C64 1997
082 00 - DEWEY DECIMAL CLASSIFICATION NUMBER
Classification number 346.42086 COL
Edition number 22
100 1# - MAIN ENTRY--PERSONAL NAME
Personal name Colinvaux, Raoul P.
9 (RLIN) 1576
245 10 - TITLE STATEMENT
Title Colinvaux's law of insurance /
Statement of responsibility, etc edited by Robert Merkin. _
246 30 - VARYING FORM OF TITLE
Title proper/short title Law of insurance
250 ## - EDITION STATEMENT
Edition statement 7th ed. _
260 ## - PUBLICATION, DISTRIBUTION, ETC. (IMPRINT)
Place of publication, distribution, etc London :
Name of publisher, distributor, etc Sweet & Maxwell,
Date of publication, distribution, etc 1997.
300 ## - PHYSICAL DESCRIPTION
Extent lxxx, 567 p. ;
Dimensions 26 cm.
440 #0 - SERIES STATEMENT/ADDED ENTRY--TITLE
Title Insurance practitioners library
9 (RLIN) 1577
500 ## - GENERAL NOTE
General note Includes index.
525 ## - SUPPLEMENT NOTE
Supplement note Kept up to date by supplements.
650 #0 - SUBJECT ADDED ENTRY--TOPICAL TERM
Topical term or geographic name as entry element Insurance law
Geographic subdivision Great Britain.
9 (RLIN) 1578
700 1# - ADDED ENTRY--PERSONAL NAME
Personal name Merkin, Robert M.
9 (RLIN) 1579
700 1# - ADDED ENTRY--PERSONAL NAME
Personal name Colinvaux, Raoul P.
Title of a work Law of insurance.
9 (RLIN) 1580
906 ## - LOCAL DATA ELEMENT F, LDF (RLIN)
a 7
b cbc
c orignew
d 2
e ncip
f 19
g y-gencatlg
942 ## - ADDED ENTRY ELEMENTS (KOHA)
Source of classification or shelving scheme Dewey Decimal Classification
Koha item type Books
Holdings
Withdrawn status Lost status Source of classification or shelving scheme Damaged status Not for loan Home library Current library Shelving location Date acquired Total Checkouts Full call number Barcode Date last seen Price effective from Koha item type
    Dewey Decimal Classification     Law Development Centre Main Library Law Development Centre Main Library Text Books and Laws 04/26/2011   346.42086 COL 017/03 04/26/2011 04/26/2011 Books